[Event "Ulster-ch"]
[Site "Belfast"]
[Date "2005.04.30"]
[Round "1"]
[White "Clarke, Thomas M"]
[Black "Annesley, Gareth"]
[Result "1-0"]
[WhiteElo "2171"]
[BlackElo "1936"]
[PlyCount "99"]
[EventDate "2005.04.30"]
[EventType "swiss"]
[EventRounds "6"]
[EventCountry "NIR"]
[SourceTitle "EXT 2023"]
[Source "ChessBase"]
[SourceDate "2022.10.05"]
[SourceVersion "1"]
[SourceVersionDate "2022.10.05"]
[SourceQuality "1"]

1. d4 d5 2. Bg5 Nf6 3. Bxf6 gxf6 4. e3 c5 5. c4 cxd4 6. Qxd4 dxc4 7. Qxd8+ Kxd8 8. Bxc4 Be6 9. Bxe6 fxe6 10. Nc3 Rg8 11. Nge2 e5 12. 0-0 Nc6 13. Nd5 Rc8 14. f4 Bg7 15. Rfd1 Ke8 16. f5 Kf7 17. b4 e6 18. fxe6+ Kxe6 19. Rac1 Rgd8 20. e4 Bh6 21. Rc3 Bg5 22. Rcd3 Kf7 23. h4 Bxh4 24. Rh3 Bg5 25. Rxh7+ Kg6 26. Rxb7 Rb8 27. Rxb8 Rxb8 28. Rb1 Bd2 29. b5 Nd4 30. Nxd4 exd4 31. Kf2 Re8 32. Ke2 Ba5 33. Kd3 f5 34. exf5+ Kxf5 35. Rb2 Re4 36. Re2 Rxe2 37. Kxe2 Ke4 38. Nf6+ Kf5 39. Nd7 Ke4 40. Nc5+ Kd5 41. Nb3 Bd8 42. Kd3 Bf6 43. a4 Kd6 44. Kc4 d3 45. Nc5 Ke5 46. Nxd3+ Ke4 47. a5 Bd8 48. b6 Bxb6 49. axb6 axb6 50. g4 1-0

[Event "GBR-ch"]
[Site "Scarborough"]
[Date "2004.08.09"]
[Round "7"]
[White "Hutchinson, Paul A"]
[Black "Clarke, Thomas M"]
[Result "1-0"]
[WhiteElo "2216"]
[BlackElo "2132"]
[PlyCount "45"]
[EventDate "2004.08.02"]
[EventType "swiss"]
[EventRounds "11"]
[EventCountry "ENG"]
[SourceTitle "CBM 101 Extra"]
[Source "ChessBase"]
[SourceDate "2004.09.01"]
[SourceVersion "2"]
[SourceVersionDate "2004.09.01"]
[SourceQuality "1"]

1. e4 e5 2. f4 Nc6 3. Nf3 exf4 4. d4 d5 5. exd5 Qxd5 6. Nc3 Bb4 7. Bd2 Bxc3 8. bxc3 Nf6 9. Bd3 Bg4 10. 0-0 g5 11. Qe1+ Kf8 12. c4 Qd6 13. Nxg5 Qxd4+ 14. Kh1 Re8 15. Qh4 h6 16. Bxf4 hxg5 17. Qxh8+ Ke7 18. Rae1+ Be6 19. Rxe6+ Kxe6 20. Qh3+ g4 21. Qh6 Ne7 22. Bxc7 Neg8 23. Bf5+ 1-0

[Event "GBR-ch"]
[Site "Scarborough"]
[Date "2004.08.03"]
[Round "2"]
[White "Snape, Ian L"]
[Black "Clarke, Thomas M"]
[Result "1-0"]
[WhiteElo "2228"]
[BlackElo "2132"]
[PlyCount "67"]
[EventDate "2004.08.02"]
[EventType "swiss"]
[EventRounds "11"]
[EventCountry "ENG"]
[SourceTitle "CBM 101 Extra"]
[Source "ChessBase"]
[SourceDate "2004.09.01"]
[SourceVersion "2"]
[SourceVersionDate "2004.09.01"]
[SourceQuality "1"]

1. c4 f5 2. Nc3 Nf6 3. g3 e5 4. Bg2 Nc6 5. e3 d6 6. d4 exd4 7. exd4 Qe7+ 8. Nge2 Qf7 9. b3 Be7 10. 0-0 0-0 11. Nf4 Kh8 12. Bb2 Bd7 13. Nfd5 Nxd5 14. Nxd5 Bd8 15. f4 a5 16. a3 Rb8 17. a4 Ne7 18. Nxe7 Qxe7 19. Qd2 c6 20. Rfe1 Qf6 21. d5 Qh6 22. Rad1 c5 23. Re2 Re8 24. Rxe8+ Bxe8 25. Re1 Bf7 26. Bc3 Ra8 27. Bf1 Kg8 28. Bd3 Qh5 29. Qc2 Bg6 30. Re6 Ra6 31. Kg2 Kf7 32. Qd2 Kf8 33. Bb2 Qh6 34. Qe3 1-0

[Event "EU-Cup 19th"]
[Site "Rethymno"]
[Date "2003.10.03"]
[Round "6.1"]
[White "Clarke, Thomas M"]
[Black "Paehtz, Elisabeth"]
[Result "1-0"]
[WhiteElo "2128"]
[BlackElo "2417"]
[PlyCount "57"]
[EventDate "2003.09.28"]
[EventType "team-swiss"]
[EventRounds "7"]
[EventCountry "GRE"]
[SourceTitle "CBM 098"]
[Source "ChessBase"]
[SourceDate "2004.02.03"]
[SourceVersion "1"]
[SourceVersionDate "2004.02.03"]
[SourceQuality "1"]
[WhiteTeam "Belfast"]
[BlackTeam "Heraklion OAA"]
[WhiteTeamCountry "IRL"]
[BlackTeamCountry "GRE"]

1. d4 d6 2. Bg5 Nd7 3. e4 Ngf6 4. Nc3 c6 5. f4 Qa5 6. Qd2 b5 7. Bd3 b4 8. Nd1 e6 9. Ne3 d5 10. e5 Ne4 11. Nc4 dxc4 12. Bxe4 Bb7 13. Ne2 Nb6 14. 0-0 g6 15. Bf6 Rg8 16. a3 c3 17. bxc3 bxa3 18. Qd3 Qa4 19. Rfb1 Rc8 20. Qh3 h6 21. Qf3 Ba6 22. Nc1 Bc4 23. Nd3 Bd5 24. Nb4 Nc4 25. Qe2 Bxe4 26. Qxc4 c5 27. Rxa3 Qd7 28. Na6 cxd4 29. Rb8 1-0

[Event "EU-Cup 19th"]
[Site "Rethymno"]
[Date "2003.10.02"]
[Round "5.1"]
[White "Clarke, Thomas M"]
[Black "Fejzullahu, Afrim"]
[Result "0-1"]
[WhiteElo "2128"]
[BlackElo "2306"]
[PlyCount "100"]
[EventDate "2003.09.28"]
[EventType "team-swiss"]
[EventRounds "7"]
[EventCountry "GRE"]
[SourceTitle "CBM 098"]
[Source "ChessBase"]
[SourceDate "2004.02.03"]
[SourceVersion "1"]
[SourceVersionDate "2004.02.03"]
[SourceQuality "1"]
[WhiteTeam "Belfast"]
[BlackTeam "Therande"]
[WhiteTeamCountry "IRL"]
[BlackTeamCountry "YUG"]

1. d4 Nf6 2. Bg5 g6 3. Bxf6 exf6 4. h4 h5 5. e4 c6 6. c4 d5 7. exd5 cxd5 8. cxd5 Qxd5 9. Nc3 Bb4 10. Qd2 Qa5 11. Bc4 0-0 12. Nge2 Kg7 13. a3 Re8 14. Rc1 Bxc3 15. Rxc3 Nc6 16. 0-0 Bg4 17. f3 Bf5 18. Ng3 Rad8 19. d5 Ne5 20. Nxf5+ gxf5 21. Ba2 Ng6 22. b4 Qb6+ 23. Rc5 Qd6 24. Qf2 Nf4 25. Bc4 Kh6 26. Kh1 Rg8 27. Rg1 Rg6 28. Qc2 Rdg8 29. Qxf5 Nxg2 30. Qh3 Rg3 31. Qh2 Qf4 32. d6 Nxh4 33. Rxg3 Rxg3 34. Be2 Nf5 35. d7 Qd2 36. Qf2 Qxd7 37. Rxf5 Rh3+ 38. Kg2 Qxf5 39. Qe3+ Kg7 40. Bd3 Qd7 41. Qf4 Qxd3 42. Kxh3 Qxa3 43. Qg3+ Kh7 44. Qf4 Qa6 45. Qf5+ Kh6 46. Kh4 Qc4+ 47. f4 Kg7 48. Kxh5 Qe6 49. Qd3 f5 50. Kh4 Qg6 0-1

[Event "EU-Cup 19th"]
[Site "Rethymno"]
[Date "2003.09.29"]
[Round "2.1"]
[White "Clarke, Thomas M"]
[Black "Bologan, Viktor"]
[Result "0-1"]
[WhiteElo "2128"]
[BlackElo "2650"]
[PlyCount "82"]
[EventDate "2003.09.28"]
[EventType "team-swiss"]
[EventRounds "7"]
[EventCountry "GRE"]
[SourceTitle "CBM 098"]
[Source "ChessBase"]
[SourceDate "2004.02.03"]
[SourceVersion "1"]
[SourceVersionDate "2004.02.03"]
[SourceQuality "1"]
[WhiteTeam "Belfast"]
[BlackTeam "Kazan Ladya"]
[WhiteTeamCountry "IRL"]
[BlackTeamCountry "RUS"]

1. d4 Nf6 2. Bg5 e6 3. e4 c5 4. e5 h6 5. Bc1 Nh7 6. Bd3 cxd4 7. Nf3 Ng5 8. 0-0 Nc6 9. Re1 d6 10. Nbd2 Bd7 11. a3 Qc7 12. exd6 Bxd6 13. b4 Nxf3+ 14. Nxf3 Ne5 15. Nxe5 Bxe5 16. Qh5 g5 17. Bd2 0-0-0 18. b5 f5 19. g3 Bf6 20. Bb4 Rdg8 21. Qf3 g4 22. Qg2 Re8 23. a4 e5 24. a5 e4 25. b6 Qc6 26. bxa7 Kc7 27. Bd2 Bg5 28. Bxg5 hxg5 29. Rec1 Qd6 30. a6 b5 31. c3 Kb6 32. cxd4 Kxa7 33. Be2 f4 34. gxf4 gxf4 35. Bf1 Rh6 36. Rc5 f3 37. Qg3 Qxg3+ 38. fxg3 Rxa6 39. Rac1 Rb6 40. Rc7+ Rb7 41. d5 Kb6 0-1

[Event "BCF-ch"]
[Site "Edinburgh"]
[Date "2003.07.24"]
[Round "10"]
[White "Radovanovic, Jovica"]
[Black "Clarke, Thomas M"]
[Result "1-0"]
[WhiteElo "2239"]
[BlackElo "2128"]
[PlyCount "79"]
[EventDate "2003.07.14"]
[EventType "swiss"]
[EventRounds "11"]
[EventCountry "SCO"]
[SourceTitle "CBM 095 Extra"]
[Source "ChessBase"]
[SourceDate "2003.09.04"]
[SourceVersion "1"]
[SourceVersionDate "2003.09.04"]
[SourceQuality "1"]

1. e4 e6 2. d4 d5 3. Nc3 Bb4 4. e5 c5 5. a3 Bxc3+ 6. bxc3 Qc7 7. Qg4 f6 8. Bb5+ Nc6 9. Nf3 cxd4 10. cxd4 fxe5 11. dxe5 Nge7 12. 0-0 0-0 13. Rb1 Ng6 14. Re1 Bd7 15. Bd3 Qa5 16. Bd2 Ncxe5 17. Nxe5 Nxe5 18. Qe2 Qc5 19. Bb4 Nxd3 20. Bxc5 Nxc5 21. Qe5 b6 22. Rb4 Rac8 23. Rg4 Rf7 24. Rf4 Be8 25. Rxf7 Bxf7 26. f3 h6 27. h4 Nd7 28. Qd6 Nf8 29. Qe7 Ng6 30. Qxa7 Nxh4 31. Re2 Nf5 32. Qxb6 Rc4 33. Rxe6 Rxc2 34. Rc6 Re2 35. Qb8+ Kh7 36. Qb1 g6 37. Rc7 Kg8 38. Qb7 Nd6 39. Qa6 Nc4 40. Qf6 1-0

[Event "BCF-ch"]
[Site "Edinburgh"]
[Date "2003.07.23"]
[Round "9"]
[White "Clarke, Thomas M"]
[Black "Simmons, Matthew"]
[Result "1-0"]
[WhiteElo "2128"]
[BlackElo "2176"]
[PlyCount "61"]
[EventDate "2003.07.14"]
[EventType "swiss"]
[EventRounds "11"]
[EventCountry "SCO"]
[SourceTitle "CBM 095 Extra"]
[Source "ChessBase"]
[SourceDate "2003.09.04"]
[SourceVersion "1"]
[SourceVersionDate "2003.09.04"]
[SourceQuality "1"]

1. d4 Nf6 2. Bg5 e6 3. e4 h6 4. Bxf6 Qxf6 5. Nc3 d6 6. Qd2 g5 7. h4 g4 8. h5 Bg7 9. 0-0-0 Nc6 10. d5 Ne7 11. Bb5+ Bd7 12. Bxd7+ Kxd7 13. f4 a5 14. e5 Qf5 15. Nge2 Nxd5 16. Nxd5 exd5 17. Nd4 Qh7 18. Qe2 dxe5 19. Qxg4+ Ke8 20. Nf5 Rg8 21. Rxd5 Bf6 22. Qh3 Rd8 23. Rxd8+ Bxd8 24. Rd1 e4 25. Ne3 f6 26. Qe6+ Be7 27. Nf5 Rxg2 28. Qxe4 Kf8 29. Re1 Rg7 30. Qe6 Qg8 31. Qc8+ 1-0

[Event "BCF-ch"]
[Site "Edinburgh"]
[Date "2003.07.14"]
[Round "1"]
[White "Rendle, Thomas E"]
[Black "Clarke, Thomas M"]
[Result "1-0"]
[WhiteElo "2240"]
[BlackElo "2128"]
[PlyCount "111"]
[EventDate "2003.07.14"]
[EventType "swiss"]
[EventRounds "11"]
[EventCountry "SCO"]
[SourceTitle "CBM 095 Extra"]
[Source "ChessBase"]
[SourceDate "2003.09.04"]
[SourceVersion "1"]
[SourceVersionDate "2003.09.04"]
[SourceQuality "1"]

1. e4 e5 2. Nf3 Nc6 3. Bb5 f5 4. Nc3 Nf6 5. Qe2 Bb4 6. exf5 Bxc3 7. bxc3 0-0 8. Ba3 Re8 9. 0-0 e4 10. Nd4 Nxd4 11. cxd4 c6 12. Ba4 d5 13. Bb3 Bxf5 14. Qe3 Kh8 15. Qg5 Qd7 16. f3 h6 17. Qh4 exf3 18. Rxf3 Re4 19. Rf4 Rae8 20. Raf1 Rxf4 21. Qxf4 Bg6 22. d3 Re2 23. h3 Kh7 24. Bd6 Nh5 25. Qf3 Re6 26. Be5 Re7 27. Qg4 Qe8 28. Qh4 Rf7 29. Rxf7 Qxf7 30. Qf2 a5 31. Qxf7 Bxf7 32. Bc7 Kg6 33. Bxa5 Nf4 34. Kf2 h5 35. Bd2 Kf5 36. Kf3 Ne6 37. g4+ hxg4+ 38. hxg4+ Kf6 39. Be3 Ng5+ 40. Kg3 Be6 41. c3 Nf7 42. Bf4 Kg6 43. Bd1 Kf6 44. a4 Kg6 45. Kh4 Kf6 46. g5+ Ke7 47. g6 Nh8 48. Kg5 Bh3 49. Be5 Kf8 50. Be2 Bd7 51. a5 Be8 52. Bg4 Bxg6 53. Bc8 Bxd3 54. Bxb7 Nf7+ 55. Kf4 g5+ 56. Ke3 1-0

[Event "Malahide Millennium op"]
[Site "Dublin"]
[Date "2003.05.04"]
[Round "3"]
[White "Clarke, Thomas M"]
[Black "Brady, Cormac A"]
[Result "1-0"]
[WhiteElo "2133"]
[BlackElo "2065"]
[PlyCount "125"]
[EventDate "2003.05.??"]
[EventType "swiss (rapid)"]
[EventRounds "6"]
[EventCountry "IRL"]
[SourceTitle "EXT 2005"]
[Source "ChessBase"]
[SourceDate "2004.11.15"]
[SourceVersion "1"]
[SourceVersionDate "2004.11.15"]
[SourceQuality "1"]

1. d4 Nf6 2. Bg5 e6 3. e4 h6 4. Bxf6 Qxf6 5. Nc3 Bb4 6. Qd2 d6 7. 0-0-0 Nc6 8. Kb1 Bd7 9. Nf3 0-0-0 10. a3 Ba5 11. b4 Bb6 12. Na4 e5 13. Nxb6+ cxb6 14. d5 Ne7 15. Qe3 Kb8 16. Rc1 Rc8 17. c4 Rc7 18. Be2 g5 19. g3 Qg6 20. h4 g4 21. h5 Qf6 22. Nd2 Rg8 23. c5 bxc5 24. bxc5 Rxc5 25. Rxc5 dxc5 26. Qxc5 Rc8 27. Qe3 b5 28. Rc1 Rxc1+ 29. Kxc1 Qd6 30. a4 a6 31. axb5 axb5 32. Nb3 f5 33. Nc5 fxe4 34. Nxd7+ Qxd7 35. Qxh6 Qc7+ 36. Kd1 Nxd5 37. Qf8+ Kb7 38. Bxg4 Qc4 39. Ke1 Qc1+ 40. Bd1 Nc3 41. Qe7+ Kc6 42. Qe6+ Kb7 43. Qd7+ Kb6 44. Qd6+ Kb7 45. Qd2 Qa3 46. h6 Nxd1 47. Kxd1 Qb3+ 48. Ke1 Qf3 49. Qe3 Qh5 50. Kd2 b4 51. Kc2 Kc6 52. Qc1 Qf3 53. Kb2+ Kb5 54. Qe3 Qh5 55. Qxe4 Qxh6 56. Qxe5+ Ka4 57. Qe8+ Ka5 58. Qd8+ Kb5 59. Qd5+ Ka4 60. Qd1+ Kb5 61. Qd3+ Ka4 62. Qd4 Qf8 63. f4 1-0

[Event "Ulster-ch"]
[Site "Belfast"]
[Date "2002.12.28"]
[Round "3"]
[White "Clarke, Thomas M"]
[Black "Nixon, Rodney J"]
[Result "1-0"]
[WhiteElo "2133"]
[BlackElo "2035"]
[PlyCount "53"]
[EventDate "2002.12.27"]
[EventType "swiss"]
[EventRounds "7"]
[EventCountry "NIR"]
[SourceTitle "EXT 2023"]
[Source "ChessBase"]
[SourceDate "2022.10.05"]
[SourceVersion "1"]
[SourceVersionDate "2022.10.05"]
[SourceQuality "1"]

1. d4 d5 2. Bg5 g6 3. Nc3 Bg7 4. Qd2 Nc6 5. Nf3 h6 6. Bf4 a6 7. 0-0-0 Nf6 8. Ne5 g5 9. Nxc6 bxc6 10. Be5 Bf5 11. f3 e6 12. h4 gxh4 13. Rxh4 h5 14. Qe1 Bg6 15. e3 Rg8 16. Bd3 Bh6 17. Rh2 Nd7 18. Bxg6 fxg6 19. Qe2 c5 20. Kb1 Nxe5 21. dxe5 Bg7 22. f4 Qe7 23. g4 hxg4 24. Qxg4 Bf8 25. Rxd5 exd5 26. Nxd5 Qd8 27. Qe6+ 1-0

[Event "BCF-chT qual (4NCL)"]
[Site "England"]
[Date "2002.06.02"]
[Round "2"]
[White "Clarke, Thomas M"]
[Black "Ashton, Adam"]
[Result "0-1"]
[WhiteElo "2169"]
[BlackElo "2146"]
[PlyCount "118"]
[EventDate "2002.06.??"]
[EventType "team-tourn"]
[EventRounds "8"]
[EventCountry "ENG"]
[SourceTitle "EXT 2005"]
[Source "ChessBase"]
[SourceDate "2004.11.15"]
[SourceVersion "1"]
[SourceVersionDate "2004.11.15"]
[SourceQuality "1"]
[WhiteTeam "Athenaeum"]
[BlackTeam "Numerica 3Cs"]
[WhiteTeamCountry "ENG"]
[BlackTeamCountry "ENG"]

1. d4 Nf6 2. Bg5 Ne4 3. h4 d5 4. Nd2 c5 5. Nxe4 dxe4 6. d5 Qb6 7. e3 g6 8. a4 Bd7 9. Qc1 Bg7 10. c3 Qb3 11. Qd2 e6 12. dxe6 Qxe6 13. h5 Nc6 14. Nh3 0-0 15. hxg6 hxg6 16. Nf4 Qf5 17. Bh4 Be6 18. Be2 Na5 19. Nxe6 Qxe6 20. Rd1 Nc6 21. Qd7 Qxd7 22. Rxd7 b6 23. Bg3 Rfd8 24. Rc7 Rdc8 25. Rxc8+ Rxc8 26. Ba6 Rd8 27. Ke2 Ne5 28. f4 Ng4 29. Bh4 Rd5 30. Bc8 Nf6 31. Bxf6 Bxf6 32. Bb7 Rd8 33. Bxe4 Kg7 34. Bc6 Be7 35. Ra1 Rd6 36. Bb5 Bd8 37. Ra2 Bc7 38. b4 cxb4 39. cxb4 Rd8 40. Rc2 Bd6 41. Rc4 a5 42. bxa5 bxa5 43. Rc6 f5 44. Ra6 Bb4 45. Ra7+ Kf6 46. Bc4 g5 47. Rf7+ Kg6 48. Rc7 gxf4 49. exf4 Rd4 50. g3 Rd6 51. Bd3 Re6+ 52. Kf3 Kf6 53. Rc8 Rd6 54. Bc2 Rd2 55. Ke3 Rd7 56. Rh8 Rd2 57. Bd3 Rg2 58. Rh6+ Kg7 59. Rh3 Bc5+ 0-1

[Event "BCF-chT qual (4NCL)"]
[Site "England"]
[Date "2002.06.01"]
[Round "1"]
[White "Arnott, Jonathan"]
[Black "Clarke, Thomas M"]
[Result "0-1"]
[WhiteElo "2072"]
[BlackElo "2169"]
[PlyCount "100"]
[EventDate "2002.06.??"]
[EventType "team-tourn"]
[EventRounds "8"]
[EventCountry "ENG"]
[SourceTitle "EXT 2005"]
[Source "ChessBase"]
[SourceDate "2004.11.15"]
[SourceVersion "1"]
[SourceVersionDate "2004.11.15"]
[SourceQuality "1"]
[WhiteTeam "White Rose"]
[BlackTeam "Athenaeum"]
[WhiteTeamCountry "ENG"]
[BlackTeamCountry "ENG"]

1. e4 e6 2. d4 d5 3. e5 c5 4. c3 Nc6 5. Nf3 Qb6 6. a3 c4 7. Nbd2 f6 8. exf6 Nxf6 9. b3 cxb3 10. Rb1 Bd6 11. Bd3 0-0 12. 0-0 Qc7 13. Qxb3 Kh8 14. Bb2 Qf7 15. c4 Qh5 16. Rfe1 Bd7 17. h3 Na5 18. Qc3 dxc4 19. Nxc4 Nxc4 20. Bxc4 Rac8 21. Qb3 Nd5 22. Ne5 Bxe5 23. Rxe5 Qh4 24. Rf1 Nf4 25. Bb5 Bxb5 26. Qxb5 Rc2 27. Qb3 Ne2+ 28. Kh2 Rxf2 29. Re4 Rxg2+ 30. Kh1 Rg1+ 31. Kh2 Rh1+ 32. Kxh1 Qxe4+ 33. Qf3 Qxf3+ 34. Rxf3 Kg8 35. Rb3 b6 36. a4 Kf7 37. Rb4 Kg6 38. h4 Kf5 39. d5 exd5 40. Bxg7 Rc4 41. Bf8 Rxb4 42. Bxb4 Kg4 43. Be1 Kf3 44. Bd2 h5 45. Kh2 d4 46. Kh3 Nc3 47. a5 bxa5 48. Bg5 d3 49. Bd2 Ne4 50. Bxa5 d2 0-1

[Event "IRL-ch"]
[Site "Greystones"]
[Date "2001.07.07"]
[Round "1"]
[White "Clarke, Thomas M"]
[Black "Kennedy, John"]
[Result "1-0"]
[WhiteElo "2170"]
[BlackElo "2042"]
[PlyCount "61"]
[EventDate "2001.07.07"]
[EventType "swiss"]
[EventRounds "9"]
[EventCountry "IRL"]
[SourceTitle "EXT 2012"]
[Source "ChessBase"]
[SourceDate "2011.11.24"]
[SourceVersion "1"]
[SourceVersionDate "2011.11.24"]
[SourceQuality "1"]

1. d4 c5 2. d5 e5 3. e4 d6 4. Nc3 Nf6 5. Nf3 Nbd7 6. Be2 Be7 7. 0-0 0-0 8. Kh1 Ne8 9. g4 g6 10. Bh6 Ng7 11. Rg1 Nf6 12. Nd2 Kh8 13. f4 exf4 14. Qf1 Ng8 15. Bxf4 a6 16. a4 f5 17. exf5 Bf6 18. fxg6 Ne7 19. Bd3 Nxg6 20. Bxg6 hxg6 21. Qh3+ Nh5 22. Nce4 Be7 23. Bh6 Rf7 24. Qe3 Ng7 25. Ng5 Bxg5 26. Bxg5 Qc7 27. Ne4 Bd7 28. Nf6 Qd8 29. Raf1 Bf5 30. Qh3+ Nh5 31. Rxf5 1-0

[Event "Target Recruitment Masters"]
[Site "Belfast"]
[Date "2001.03.31"]
[Round "3"]
[White "Visser, Yge"]
[Black "Clarke, Thomas M"]
[Result "1-0"]
[WhiteElo "2442"]
[BlackElo "2170"]
[PlyCount "63"]
[EventDate "2001.03.30"]
[EventType "swiss"]
[EventRounds "6"]
[EventCountry "IRL"]
[SourceTitle "CBM 081 Extra"]
[Source "ChessBase"]
[SourceDate "2001.05.06"]
[SourceVersion "1"]
[SourceVersionDate "2001.05.06"]
[SourceQuality "1"]

1. e4 e6 2. d3 d5 3. Nd2 Nf6 4. Ngf3 b6 5. c3 Ba6 6. Be2 Be7 7. 0-0 0-0 8. a3 dxe4 9. dxe4 Bd3 10. e5 Ng4 11. h3 Nh6 12. Nb3 Bg6 13. Bxh6 gxh6 14. Qc1 Kg7 15. Rd1 Qe8 16. Nbd4 a6 17. Bd3 c5 18. Ne2 Nc6 19. Nf4 Qb8 20. Qe3 Qc7 21. g4 Bg5 22. h4 Bxf4 23. Qxf4 Qe7 24. Be4 Bxe4 25. Qxe4 Rac8 26. Rd6 Qc7 27. Rad1 Ne7 28. Qf4 Ng8 29. Rd7 Qb8 30. g5 h5 31. g6 hxg6 32. Ng5 1-0

[Event "Bunratty Masters op"]
[Site "Bunratty"]
[Date "2001.02.17"]
[Round "4"]
[White "Clarke, Thomas M"]
[Black "Fox, Anthony"]
[Result "1/2-1/2"]
[WhiteElo "2170"]
[BlackElo "2112"]
[PlyCount "51"]
[EventDate "2001.02.19"]
[EventType "swiss"]
[EventRounds "6"]
[EventCountry "IRL"]
[SourceTitle "CBM 080 Extra"]
[Source "ChessBase"]
[SourceDate "2001.03.08"]
[SourceVersion "1"]
[SourceVersionDate "2001.03.08"]
[SourceQuality "1"]

1. d4 d5 2. Bg5 h6 3. Bh4 c6 4. Nf3 Qb6 5. Qc1 Bf5 6. e3 e6 7. Be2 Nd7 8. 0-0 Be7 9. c4 dxc4 10. Nbd2 Bxh4 11. Nxh4 Bh7 12. Nxc4 Qc7 13. f4 Ngf6 14. b4 a6 15. a4 0-0 16. Qa3 Nb6 17. Ne5 Nbd7 18. Rac1 Qd6 19. Bd3 Bxd3 20. Qxd3 Rfd8 21. Nxd7 Rxd7 22. Qb3 Qd5 23. Qa3 Ne4 24. Nf3 f6 25. a5 Rad8 26. Rc2 1/2-1/2

[Event "Bunratty Masters op"]
[Site "Bunratty"]
[Date "2001.02.16"]
[Round "2"]
[White "Clarke, Thomas M"]
[Black "Wilman, Carey"]
[Result "0-1"]
[WhiteElo "2170"]
[BlackElo "2051"]
[PlyCount "82"]
[EventDate "2001.02.19"]
[EventType "swiss"]
[EventRounds "6"]
[EventCountry "IRL"]
[SourceTitle "CBM 080 Extra"]
[Source "ChessBase"]
[SourceDate "2001.03.08"]
[SourceVersion "1"]
[SourceVersionDate "2001.03.08"]
[SourceQuality "1"]

1. d4 Nf6 2. Bg5 d5 3. Bxf6 exf6 4. e3 Bf5 5. Nf3 c6 6. Bd3 Bxd3 7. Qxd3 Bd6 8. Nbd2 0-0 9. 0-0-0 Qa5 10. Kb1 Nd7 11. g4 Rfd8 12. h4 Qb5 13. c4 dxc4 14. Nxc4 Bf8 15. g5 f5 16. h5 Nb6 17. Nxb6 Qxd3+ 18. Rxd3 axb6 19. Rb3 b5 20. Ne5 Bd6 21. Nd3 Ra4 22. Rc1 f4 23. d5 fxe3 24. fxe3 Rg4 25. dxc6 bxc6 26. g6 fxg6 27. hxg6 Rxg6 28. Rxc6 Rg4 29. Kc2 Rg2+ 30. Kc3 Be7 31. Rxb5 Bf6+ 32. Ne5 Re2 33. Re6 Rxe3+ 34. Kc4 Re4+ 35. Kb3 h5 36. Rxf6 gxf6 37. Nc4 Rd3+ 38. Kb4 h4 39. a4 h3 40. Rh5 Rdd4 41. b3 Rh4 0-1

[Event "Bunratty Masters op"]
[Site "Bunratty"]
[Date "2001.02.16"]
[Round "1"]
[White "Lalic, Bogdan"]
[Black "Clarke, Thomas M"]
[Result "1-0"]
[WhiteElo "2531"]
[BlackElo "2170"]
[PlyCount "81"]
[EventDate "2001.02.19"]
[EventType "swiss"]
[EventRounds "6"]
[EventCountry "IRL"]
[SourceTitle "CBM 080 Extra"]
[Source "ChessBase"]
[SourceDate "2001.03.08"]
[SourceVersion "1"]
[SourceVersionDate "2001.03.08"]
[SourceQuality "1"]

1. d4 f5 2. Nc3 d5 3. Nf3 Nf6 4. Bf4 e6 5. Nb5 Na6 6. a3 Ne4 7. Nd2 c6 8. Nxe4 dxe4 9. Nc3 Bd6 10. Bxd6 Qxd6 11. Qd2 0-0 12. 0-0-0 b5 13. f3 Rb8 14. b4 exf3 15. exf3 Nc7 16. Qe1 a5 17. Qe5 Rd8 18. Qxd6 Rxd6 19. bxa5 b4 20. axb4 Rxb4 21. Be2 Nd5 22. Nxd5 cxd5 23. Kd2 Rxd4+ 24. Kc3 Rxd1 25. Rxd1 Rc6+ 26. Kb3 Kf7 27. Bb5 Rc5 28. c4 dxc4+ 29. Kb4 Rd5 30. Rc1 Bd7 31. Bxd7 Rxd7 32. a6 e5 33. Ra1 Ra7 34. Kxc4 Ke6 35. Kc5 g5 36. Kb6 Ra8 37. a7 e4 38. fxe4 fxe4 39. Kb7 Rxa7+ 40. Rxa7 Kf5 41. Kc6 1-0

[Event "IRL-ch"]
[Site "Castleconnell"]
[Date "2000.04.28"]
[Round "7"]
[White "Collins, Sam E"]
[Black "Clarke, Thomas M"]
[Result "1-0"]
[WhiteElo "2130"]
[BlackElo "2196"]
[PlyCount "65"]
[EventDate "2000.04.22"]
[EventType "swiss"]
[EventRounds "9"]
[EventCountry "IRL"]
[SourceTitle "EXT 2001"]
[Source "ChessBase"]
[SourceDate "2000.11.22"]
[SourceVersion "1"]
[SourceVersionDate "2000.11.22"]
[SourceQuality "1"]

1. e4 a6 2. c4 e5 3. Nf3 Nc6 4. Nc3 Nf6 5. d4 exd4 6. Nxd4 Bb4 7. Nxc6 bxc6 8. Bd3 Qe7 9. 0-0 Bxc3 10. bxc3 0-0 11. Qc2 c5 12. Bg5 h6 13. Bh4 Bb7 14. Rae1 g5 15. Bg3 Nh5 16. e5 Rae8 17. Qd1 Ng7 18. Bc2 f5 19. exf6 Qxf6 20. Qd3 d6 21. f3 h5 22. f4 Rxe1 23. Qh7+ Kf7 24. Rxe1 g4 25. Bh4 Qxh4 26. Qg6+ Kg8 27. Qh7+ Kf7 28. Bg6+ Kf6 29. g3 Qh3 30. Re2 Bf3 31. Qh6 Bxe2 32. Be4+ Kf7 33. Qg6+ 1-0

[Event "IRL-ch"]
[Site "Castleconnell"]
[Date "2000.04.24"]
[Round "3"]
[White "McMahon, Daire"]
[Black "Clarke, Thomas M"]
[Result "1-0"]
[WhiteElo "2238"]
[BlackElo "2196"]
[PlyCount "53"]
[EventDate "2000.04.22"]
[EventType "swiss"]
[EventRounds "9"]
[EventCountry "IRL"]
[SourceTitle "EXT 2001"]
[Source "ChessBase"]
[SourceDate "2000.11.22"]
[SourceVersion "1"]
[SourceVersionDate "2000.11.22"]
[SourceQuality "1"]

1. d4 b5 2. e4 a6 3. Nf3 Bb7 4. Bd3 c5 5. c3 Nf6 6. Qe2 e6 7. 0-0 Nc6 8. Bg5 h6 9. Bh4 cxd4 10. e5 g5 11. Bg3 Nd5 12. Nxd4 Nxd4 13. cxd4 Qb6 14. Rd1 h5 15. h3 g4 16. hxg4 h4 17. Bh2 h3 18. Be4 hxg2 19. Nc3 Nxc3 20. bxc3 Rc8 21. Rd3 d6 22. Bxg2 Bxg2 23. Kxg2 Rg8 24. Qf3 dxe5 25. Bxe5 f5 26. Re1 Rxg4+ 27. Bg3 1-0